Bundesliga Teams 25/26 - Statistiken

Allgemein
  • Dieses Quiz wurde 252 mal gespielt
  • Das Durchschnittsergebnis liegt bei 17 aus 18
Antwortstatistiken
Mannschaften % Korrekt
FC Bayern München
100%
Borussia Dortmund
99%
Hamburger SV
97%
1. FC Köln
94%
RB Leipzig
94%
1. FC Heidenheim
93%
1. FC Union Berlin
92%
Bayer 04 Leverkusen
92%
Werder Bremen
92%
TSG 1899 Hoffenheim
91%
VfB Stuttgart
91%
FC St. Pauli
90%
SC Freiburg
90%
VfL Wolsburg
90%
1. FSV Mainz 05
88%
Eintracht Frankfurt
88%
Borussia Mönchengladbach
86%
FC Augsburg
86%
Keine übereinstimmenden Quizze gefunden
Verteilung der Resultate
Anzahl Personen mit jedem Resultat
Perzentil nach korrekt beantworteten Fragen
Ihre Resultats-Entwicklung
Sie haben dieses Quiz noch nicht gespielt